[Event "Meghalaya op 1st"]
[Site "Shillong"]
[Date "2023.12.16"]
[Round "6"]
[White "Dzhumaev, Marat"]
[Black "Vaibhav, Jayant Raut"]
[Result "1-0"]
[WhiteElo "2386"]
[BlackElo "2081"]
[PlyCount "97"]
[EventDate "2023.12.13"]
[EventType "swiss"]
[EventRounds "10"]
[EventCountry "IND"]
[SourceTitle "CB52_2023"]
[SourceDate "2023.12.27"]
[SourceVersion "1"]
[SourceVersionDate "2023.12.27"]
[SourceQuality "1"]

1. g3 Nf6 2. Bg2 d5 3. Nf3 c6 4. 0-0 Bf5 5. d3 h6 6. Nbd2 e6 7. Qe1 Be7 8. e4 Bh7 9. Qe2 0-0 10. b3 a5 11. a3 Qb6 12. Bb2 Qa6 13. Ne5 Re8 14. Rae1 Nbd7 15. f4 Rad8 16. Kh1 dxe4 17. Nxe4 Bxe4 18. Bxe4 Nxe5 19. fxe5 Nxe4 20. Qxe4 Qb5 21. Qf3 Qd5 22. Re4 Rf8 23. a4 Qc5 24. Qe2 Qd5 25. Kg2 b5 26. Kh3 Rb8 27. Bc3 bxa4 28. Rxa4 Bb4 29. Bb2 Rb7 30. Rf4 Kh8 31. Ra1 Kg8 32. Rd4 Qb5 33. Qe4 Bd2 34. Kg2 Bb4 35. h4 Qb6 36. Rc4 Rc8 37. Qg4 Qb5 38. Kh3 Qd5 39. Rf1 Bd2 40. Qe2 Bb4 41. Bc1 Bc5 42. Rg4 Kh8 43. Kh2 Bd4 44. Bxh6 f5 45. exf6 gxh6 46. Rg6 Kh7 47. Qg4 Rf7 48. Rg7+ Rxg7 49. Qxg7# 1-0

[Event "Issykkul op"]
[Site "Korumdu"]
[Date "2023.07.14"]
[Round "5"]
[White "Dzhumaev, Marat"]
[Black "Botiraliev, Abdumajid"]
[Result "1-0"]
[WhiteElo "2394"]
[BlackElo "2001"]
[PlyCount "109"]
[EventDate "2023.07.12"]
[EventType "swiss"]
[EventRounds "10"]
[EventCountry "KGZ"]
[SourceTitle "CBM 215 Extra"]
[Source "ChessBase"]
[SourceDate "2023.09.30"]
[SourceVersion "1"]
[SourceVersionDate "2023.09.30"]
[SourceQuality "1"]

1. g3 d5 2. Bg2 Nf6 3. f4 c5 4. Nf3 Nc6 5. 0-0 e6 6. d3 Be7 7. Qe1 0-0 8. e4 dxe4 9. dxe4 b6 10. e5 Nd5 11. Na3 Bb7 12. c3 a6 13. Nc4 Qc7 14. Ncd2 Rae8 15. Ne4 f6 16. exf6 Bxf6 17. Bd2 Bd8 18. Rd1 Nf6 19. Nfg5 Nxe4 20. Nxe4 Ne7 21. Bc1 Nf5 22. Qe2 Kh8 23. Qh5 g6 24. Qe2 e5 25. Qc2 Qc6 26. fxe5 Rxe5 27. g4 Qe8 28. Rxd8 Qxd8 29. gxf5 Rexf5 30. Rxf5 gxf5 31. Ng5 Bxg2 32. Kxg2 h6 33. Nf3 Qf6 34. Bf4 Rg8+ 35. Kf2 Qe6 36. Qd2 Kh7 37. Qd6 Qxd6 38. Bxd6 Re8 39. a4 Re6 40. Be5 Rg6 41. c4 b5 42. cxb5 axb5 43. a5 Rg4 44. b3 Rg6 45. Bc7 Rc6 46. Bb6 c4 47. bxc4 Rxc4 48. a6 Ra4 49. a7 Ra2+ 50. Ke3 b4 51. Nd4 Kg6 52. Kd3 Kf6 53. Kc4 Ke7 54. Kxb4 Kd7 55. Ba5 1-0

[Event "Tashkent Sahibkiran Temur Cup"]
[Site "Tashkent"]
[Date "2023.04.17"]
[Round "5"]
[White "Dzhumaev, Marat"]
[Black "Mitrabha, Guha"]
[Result "1-0"]
[WhiteElo "2428"]
[BlackElo "2510"]
[PlyCount "73"]
[EventDate "2023.04.14"]
[EventType "swiss"]
[EventRounds "9"]
[EventCountry "UZB"]
[SourceTitle "CBM 213 Extra"]
[Source "ChessBase"]
[SourceDate "2023.05.31"]
[SourceVersion "1"]
[SourceVersionDate "2023.05.31"]
[SourceQuality "1"]

1. e4 e6 2. Qe2 c5 3. g3 Nc6 4. Nf3 Nge7 5. Bg2 d5 6. d3 d4 7. e5 Qc7 8. 0-0 Bd7 9. Re1 0-0-0 10. Na3 Ng6 11. c3 f6 12. cxd4 cxd4 13. Nc4 b5 14. Na3 a6 15. Bd2 Kb8 16. Rac1 Qb6 17. Nc2 fxe5 18. a4 b4 19. Qe4 Rc8 20. Na1 Qa5 21. Ng5 Qxa4 22. Nc2 Qb5 23. Nxe6 Nge7 24. Ncxd4 exd4 25. Nxd4 Qh5 26. Bf4+ Ka7 27. Nb3 Ng6 28. Qe3+ Kb7 29. Qd4 Qf5 30. g4 Qxg4 31. Na5+ Ka8 32. Qb6 Qxg2+ 33. Kxg2 Nxf4+ 34. Kg1 Nxa5 35. Rxc8+ Bxc8 36. Re8 Bc5 37. Qxa6+ 1-0

[Event "Tashkent Sahibkiran Temur Cup"]
[Site "Tashkent"]
[Date "2023.04.17"]
[Round "6"]
[White "Galperin, Platon"]
[Black "Dzhumaev, Marat"]
[Result "1-0"]
[WhiteElo "2557"]
[BlackElo "2428"]
[PlyCount "69"]
[EventDate "2023.04.14"]
[EventType "swiss"]
[EventRounds "9"]
[EventCountry "UZB"]
[SourceTitle "CBM 213 Extra"]
[Source "ChessBase"]
[SourceDate "2023.05.31"]
[SourceVersion "1"]
[SourceVersionDate "2023.05.31"]
[SourceQuality "1"]

1. e4 e5 2. Nc3 Nf6 3. d4 exd4 4. Qxd4 Nc6 5. Qd3 Bb4 6. Bd2 0-0 7. 0-0-0 d6 8. f3 Re8 9. g4 Be6 10. Nh3 Ne5 11. Qe2 Nc4 12. Be1 c6 13. Nf4 b5 14. Nxe6 Rxe6 15. Nxb5 Bxe1 16. Nd4 Nxb2 17. Rxe1 Qb6 18. Nxe6 fxe6 19. Qe3 Na4 20. Qxb6 axb6 21. e5 dxe5 22. Rxe5 Nc5 23. Bc4 Nd5 24. Rhe1 Ra4 25. Bb3 Rf4 26. Rxe6 Nxe6 27. Rxe6 Kf8 28. Rxc6 Ne3 29. Rxb6 g5 30. a4 Rxf3 31. a5 Rf1+ 32. Kb2 Nd1+ 33. Ka3 Nc3 34. a6 Ne4 35. a7 1-0

[Event "Indore op 1st"]
[Site "Indore"]
[Date "2023.04.04"]
[Round "5"]
[White "Dzhumaev, Marat"]
[Black "Aronyak, Ghosh"]
[Result "0-1"]
[WhiteElo "2428"]
[BlackElo "2534"]
[PlyCount "60"]
[EventDate "2023.04.01"]
[EventType "swiss"]
[EventRounds "10"]
[EventCountry "IND"]
[SourceTitle "CBM 213 Extra"]
[Source "ChessBase"]
[SourceDate "2023.05.31"]
[SourceVersion "1"]
[SourceVersionDate "2023.05.31"]
[SourceQuality "1"]

1. e4 c6 2. d4 d5 3. f3 Qb6 4. a4 e6 5. c3 c5 6. Bd3 cxd4 7. cxd4 Bb4+ 8. Nc3 Nc6 9. Nge2 Nge7 10. Be3 e5 11. 0-0 exd4 12. Bf2 dxe4 13. fxe4 Qd8 14. Bc4 0-0 15. Nd5 Nxd5 16. exd5 Ne5 17. Qxd4 Nxc4 18. Qxc4 a5 19. Nf4 Bd7 20. Bd4 Rc8 21. Qb3 Qg5 22. Rf3 Bg4 23. Rf2 Rfe8 24. Nd3 Bd6 25. Raf1 Be2 26. Rxf7 Bxf1 27. Rxg7+ Qxg7 28. Bxg7 Bxd3 29. Bc3 Rf8 30. g3 Bc4 0-1

[Event "Indore op 1st"]
[Site "Indore"]
[Date "2023.04.03"]
[Round "4"]
[White "Utsab, Chatterjee"]
[Black "Dzhumaev, Marat"]
[Result "0-1"]
[WhiteElo "2338"]
[BlackElo "2428"]
[PlyCount "94"]
[EventDate "2023.04.01"]
[EventType "swiss"]
[EventRounds "10"]
[EventCountry "IND"]
[SourceTitle "CBM 213 Extra"]
[Source "ChessBase"]
[SourceDate "2023.05.31"]
[SourceVersion "1"]
[SourceVersionDate "2023.05.31"]
[SourceQuality "1"]

1. e4 e5 2. Nf3 Nc6 3. Bb5 a6 4. Ba4 Nf6 5. d3 d6 6. c3 Be7 7. 0-0 0-0 8. Re1 Re8 9. Nbd2 Bf8 10. h3 b5 11. Bc2 Ne7 12. a4 Bb7 13. b4 Ng6 14. Nb3 Rb8 15. Be3 h6 16. Qb1 d5 17. Ba7 Rc8 18. Bc5 Bd6 19. axb5 axb5 20. Ra5 Bc6 21. Ra6 Ba8 22. Ra5 Bc6 23. Ra6 Qd7 24. Na5 Ba8 25. Qa2 Nf4 26. Nh4 Nxh3+ 27. gxh3 Qxh3 28. Bxd6 cxd6 29. Nf5 Ng4 30. Bd1 Qh2+ 31. Kf1 Qh1+ 32. Ke2 Qg2 33. Kd2 Nxf2 34. Be2 dxe4 35. Nxd6 Bd5 36. Qxd5 e3+ 37. Kxe3 Qxd5 38. Nxe8 Nxd3 39. Rd6 Qg2 40. Bxd3 e4 41. Bxe4 Rxe8 42. Rd4 f5 43. Kd3 fxe4+ 44. Rdxe4 Rd8+ 45. Rd4 Qf3+ 46. Re3 Qd1+ 47. Ke4 Re8+ 0-1

[Event "Tashkent President op 1st"]
[Site "Tashkent"]
[Date "2021.11.14"]
[Round "5"]
[White "Moiseenko, Alexander"]
[Black "Dzhumaev, Marat"]
[Result "1-0"]
[WhiteElo "2605"]
[BlackElo "2445"]
[PlyCount "65"]
[EventDate "2021.11.12"]
[EventType "swiss"]
[EventRounds "10"]
[EventCountry "UZB"]
[SourceTitle "CBM 205 Extra"]
[Source "ChessBase"]
[SourceDate "2022.01.31"]
[SourceVersion "1"]
[SourceVersionDate "2022.01.31"]
[SourceQuality "1"]

1. d4 d6 2. e4 Nf6 3. f3 d5 4. e5 Ng8 5. f4 c5 6. Nf3 Bg4 7. Nbd2 e6 8. h3 Bh5 9. Bd3 Ne7 10. dxc5 Nd7 11. Nb3 Nxc5 12. Nxc5 Qa5+ 13. c3 Qxc5 14. Qe2 Nc6 15. Be3 d4 16. Bf2 Qa5 17. g4 dxc3 18. b4 Nxb4 19. Bb5+ Nc6 20. gxh5 Ba3 21. 0-0 Rc8 22. Nd4 0-0 23. Nxc6 bxc6 24. Bd3 Rfd8 25. Rad1 c5 26. Bc2 Rd2 27. Qe4 g6 28. Be3 Rcd8 29. Bxd2 cxd2 30. Rf3 Bb4 31. Rd3 Rf8 32. a3 Bc3 33. Qa4 1-0

[Event "Agzamov Memorial 14th"]
[Site "Tashkent"]
[Date "2021.08.20"]
[Round "7"]
[White "Utegaliev, Azamat"]
[Black "Dzhumaev, Marat"]
[Result "0-1"]
[WhiteElo "2506"]
[BlackElo "2433"]
[PlyCount "182"]
[EventDate "2021.08.16"]
[EventType "swiss"]
[EventRounds "9"]
[EventCountry "UZB"]
[SourceTitle "CBM 203 Extra"]
[Source "ChessBase"]
[SourceDate "2021.09.30"]
[SourceVersion "1"]
[SourceVersionDate "2021.09.30"]
[SourceQuality "1"]

1. c4 Nf6 2. g3 g6 3. Bg2 Bg7 4. Nc3 0-0 5. Nf3 d6 6. 0-0 Nc6 7. d3 Bf5 8. Rb1 Qd7 9. b4 Bh3 10. b5 Nd8 11. a4 Bxg2 12. Kxg2 e5 13. Bg5 Ne6 14. Bxf6 Bxf6 15. a5 Bg7 16. a6 bxa6 17. bxa6 Nc5 18. Nd2 f5 19. Qc2 Nxa6 20. Qa4 Qxa4 21. Nxa4 Rfb8 22. Rb5 Kf7 23. Rfb1 Ke6 24. Kf1 Kd7 25. Ke1 Bf6 26. Kd1 Kc8 27. c5 Rxb5 28. Rxb5 c6 29. Rb1 d5 30. Ra1 e4 31. Ra3 Nc7 32. e3 exd3 33. Rxd3 Rb8 34. Ra3 Rb4 35. Nc3 Kb8 36. Kc2 Ne6 37. Rb3 Rxb3 38. Nxb3 d4 39. Ne2 dxe3 40. fxe3 Kc7 41. Kd3 Ng5 42. Ned4 Ne4 43. Ne6+ Kd7 44. Nf8+ Ke8 45. Ne6 Be7 46. Kc4 Kd7 47. Ned4 Bd8 48. Nc1 Nd2+ 49. Kd3 Ne4 50. Kc4 Nf2 51. Nf3 Ng4 52. Kd3 Ke6 53. Ne2 Ne5+ 54. Nxe5 Kxe5 55. Kc4 Ke6 56. Nd4+ Kd7 57. Nf3 Bf6 58. Nd2 Bg5 59. Kd4 Ke6 60. Nb3 Bf6+ 61. Kc4 Bd8 62. Nd4+ Kd7 63. Nf3 Bf6 64. Nd2 a5 65. e4 a4 66. exf5 gxf5 67. Kb4 Be7 68. Nf3 a3 69. Kxa3 Bxc5+ 70. Kb3 Ke6 71. Kc4 Bb6 72. Ng5+ Ke7 73. Nf3 Kf6 74. Kd3 Bf2 75. Ke2 Ba7 76. Kd3 h6 77. Kc4 Bf2 78. Kd3 Ke6 79. Kc4 Bb6 80. Kd3 Bf2 81. Ke2 Ba7 82. Kd3 Bb6 83. Kc4 Bf2 84. Kd3 c5 85. Kc4 Kd6 86. Kd3 Kd5 87. Nh4 f4 88. Nf5 f3 89. Nxh6 c4+ 90. Kc2 Bd4 91. Ng4 f2 0-1

[Event "Agzamov Memorial 14th"]
[Site "Tashkent"]
[Date "2021.08.19"]
[Round "6"]
[White "Dzhumaev, Marat"]
[Black "Mchedlishvili, Mikheil"]
[Result "1/2-1/2"]
[WhiteElo "2433"]
[BlackElo "2570"]
[PlyCount "109"]
[EventDate "2021.08.16"]
[EventType "swiss"]
[EventRounds "9"]
[EventCountry "UZB"]
[SourceTitle "CBM 203 Extra"]
[Source "ChessBase"]
[SourceDate "2021.09.30"]
[SourceVersion "1"]
[SourceVersionDate "2021.09.30"]
[SourceQuality "1"]

1. e4 c5 2. Nf3 d6 3. d4 cxd4 4. Nxd4 Nf6 5. Nc3 a6 6. Bc4 e6 7. Bb3 b5 8. 0-0 Be7 9. Qf3 Qb6 10. Be3 Qb7 11. Qg3 b4 12. Na4 Nbd7 13. f3 0-0 14. c3 bxc3 15. Nxc3 Nc5 16. Bc2 Qxb2 17. Nc6 Qb7 18. Nxe7+ Qxe7 19. e5 dxe5 20. Qh4 Re8 21. g4 e4 22. fxe4 Nfd7 23. Qg3 Bb7 24. e5 Rac8 25. Rf2 Nd3 26. Bxd3 Rxc3 27. Bd4 Rc7 28. Raf1 Nf8 29. Bb2 Qc5 30. h4 Bd5 31. Kh2 Bc4 32. Bxc4 Qxc4 33. Rc1 Qxc1 34. Bxc1 Rxc1 35. Rxf7 Rc2+ 36. Rf2 Rec8 37. Qf3 Rxf2+ 38. Qxf2 Rd8 39. Qe2 a5 40. Kg3 Rd5 41. Kf4 Ng6+ 42. Kg3 Rxe5 43. Qa6 Nf8 44. Qa8 h6 45. Kf4 Rd5 46. Qe8 g6 47. a4 h5 48. g5 Rf5+ 49. Ke4 Rc5 50. Kd4 Rd5+ 51. Kc4 Rf5 52. Qb8 Rd5 53. Qe8 Rf5 54. Kd4 Rd5+ 55. Ke4 1/2-1/2

[Event "UZB-ch"]
[Site "Tashkent"]
[Date "2021.04.24"]
[Round "8"]
[White "Shermuhammadov, Samandar"]
[Black "Dzhumaev, Marat"]
[Result "0-1"]
[WhiteElo "2063"]
[BlackElo "2425"]
[PlyCount "62"]
[EventDate "2021.04.17"]
[EventType "tourn"]
[EventRounds "13"]
[EventCountry "UZB"]
[EventCategory "5"]
[SourceTitle "CBM 202 Extra"]
[Source "ChessBase"]
[SourceDate "2021.07.31"]
[SourceVersion "1"]
[SourceVersionDate "2021.07.31"]
[SourceQuality "1"]

1. Nf3 c5 2. c4 Nc6 3. Nc3 g6 4. b3 Bg7 5. Bb2 d6 6. e3 Nf6 7. Be2 0-0 8. 0-0 e5 9. d4 e4 10. Nd2 cxd4 11. exd4 Re8 12. d5 Nd4 13. Re1 Bf5 14. Nf1 Nd7 15. Na4 Nxe2+ 16. Qxe2 Ne5 17. Qd2 Qh4 18. Ng3 Re7 19. Rad1 Rae8 20. c5 Ng4 21. Nf1 Bh6 22. Qd4 f6 23. cxd6 e3 24. f3 e2 25. fxg4 exf1Q+ 26. Rxf1 Be3+ 27. Qxe3 Rxe3 28. gxf5 Re2 29. d7 Rxg2+ 30. Kxg2 Re2+ 31. Kf3 Qe4+ 0-1

[Event "UZB-ch"]
[Site "Tashkent"]
[Date "2021.04.19"]
[Round "3"]
[White "Rakhmatullaev, Almas"]
[Black "Dzhumaev, Marat"]
[Result "0-1"]
[WhiteElo "2190"]
[BlackElo "2425"]
[PlyCount "53"]
[EventDate "2021.04.17"]
[EventType "tourn"]
[EventRounds "13"]
[EventCountry "UZB"]
[EventCategory "5"]
[SourceTitle "CBM 202 Extra"]
[Source "ChessBase"]
[SourceDate "2021.07.31"]
[SourceVersion "1"]
[SourceVersionDate "2021.07.31"]
[SourceQuality "1"]

1. e4 c5 2. Nf3 g6 3. g3 Bg7 4. Bg2 Nc6 5. 0-0 Nf6 6. d3 d5 7. Nbd2 0-0 8. c3 dxe4 9. Nxe4 b6 10. Nxf6+ Bxf6 11. Bh6 Re8 12. d4 Ba6 13. Re1 cxd4 14. Qa4 Bb7 15. Nxd4 Na5 16. Bxb7 Nxb7 17. Rad1 Qc8 18. Qc6 Nd6 19. Qxc8 Raxc8 20. Bc1 b5 21. Nb3 Nc4 22. Rd7 Ne5 23. Rxe5 Bxe5 24. Rxa7 Ra8 25. Rb7 Rab8 26. Rd7 b4 27. c4 0-1

[Event "UZB-ch"]
[Site "Tashkent"]
[Date "2021.04.18"]
[Round "2"]
[White "Dzhumaev, Marat"]
[Black "Abdurakhmanov, Mukhmmadali"]
[Result "1/2-1/2"]
[WhiteElo "2425"]
[BlackElo "2284"]
[PlyCount "143"]
[EventDate "2021.04.17"]
[EventType "tourn"]
[EventRounds "13"]
[EventCountry "UZB"]
[EventCategory "5"]
[SourceTitle "CBM 202 Extra"]
[Source "ChessBase"]
[SourceDate "2021.07.31"]
[SourceVersion "1"]
[SourceVersionDate "2021.07.31"]
[SourceQuality "1"]

1. e4 c5 2. Nf3 d6 3. d4 cxd4 4. Nxd4 Nf6 5. Nc3 a6 6. Nb3 Nc6 7. Be2 g6 8. 0-0 Bg7 9. Re1 0-0 10. Bg5 b5 11. Bf1 Nd7 12. Qc1 Bb7 13. a4 bxa4 14. Rxa4 Nb6 15. Ra3 Re8 16. Nd5 Ne5 17. Rd1 Bxd5 18. exd5 Nec4 19. Ra2 Qc7 20. c3 a5 21. Qc2 a4 22. Nd4 Nxd5 23. Rxa4 Ndb6 24. Rxa8 Rxa8 25. b3 Ne5 26. c4 Bf8 27. h3 Rc8 28. Nb5 Qd7 29. Qd2 Qf5 30. Be3 Na8 31. Be2 h5 32. f4 Nd7 33. g4 Qf6 34. gxh5 Nc7 35. Nxc7 Rxc7 36. hxg6 fxg6 37. Kh2 e5 38. Rg1 exf4 39. Bxf4 Ne5 40. Qd5+ Kh7 41. Bg3 Ra7 42. Rf1 Qe7 43. Rf2 Bg7 44. Bd1 Qg5 45. Bf4 Qh4 46. Bg3 Qg5 47. Bc2 Ra1 48. Qe4 Qc1 49. Qg2 Qh6 50. Bf4 Qh4 51. Be3 Bh6 52. Qb7+ Kh8 53. Kg2 Rg1+ 54. Kxg1 Bxe3 55. Qa8+ Kh7 56. Qg2 Bxf2+ 57. Qxf2 Qxh3 58. Be4 Qxb3 59. Qh4+ Kg7 60. Qe7+ Nf7 61. Bd5 Qg3+ 62. Kf1 Qf4+ 63. Ke2 Qe5+ 64. Qxe5+ Nxe5 65. Ke3 Kf6 66. Kd4 Nd7 67. Bf3 g5 68. Kd5 Ke7 69. Ke4 Kf6 70. Kd5 Ke7 71. Ke4 Ne5 72. c5 1/2-1/2

[Event "New Delhi Parsvnath op-A 18th"]
[Site "New Delhi"]
[Date "2020.01.13"]
[Round "7"]
[White "Dzhumaev, Marat"]
[Black "David, Alberto"]
[Result "1/2-1/2"]
[WhiteElo "2422"]
[BlackElo "2562"]
[PlyCount "88"]
[EventDate "2020.01.09"]
[EventType "swiss"]
[EventRounds "10"]
[EventCountry "IND"]
[SourceTitle "CBM 194 Extra"]
[Source "ChessBase"]
[SourceDate "2020.03.31"]
[SourceVersion "1"]
[SourceVersionDate "2020.03.31"]
[SourceQuality "1"]

1. d4 Nf6 2. c4 e6 3. g3 c5 4. d5 exd5 5. cxd5 d6 6. Nc3 g6 7. Nf3 Bg7 8. Nd2 0-0 9. Bg2 Nbd7 10. 0-0 Re8 11. a4 a6 12. Nc4 Ne5 13. Nxe5 Rxe5 14. Bf4 Re8 15. a5 b5 16. axb6 Qxb6 17. Qc2 Bf5 18. e4 Bd7 19. Rfd1 Ng4 20. h3 Ne5 21. Ra2 Bb5 22. Nxb5 axb5 23. Rda1 Rxa2 24. Rxa2 Qb7 25. b3 Ra8 26. Be3 c4 27. f4 Rxa2 28. Qxa2 cxb3 29. Qxb3 Nc4 30. Bf2 Qa6 31. Qd3 Bf6 32. Bf1 Bd8 33. Qb1 Bb6 34. Bxc4 Bxf2+ 35. Kxf2 Qa7+ 36. Ke2 bxc4 37. e5 dxe5 38. fxe5 Qd4 39. Qb8+ Kg7 40. Qd6 Qd3+ 41. Kf2 Qf5+ 42. Ke3 Qd3+ 43. Kf2 Qf5+ 44. Ke3 Qd3+ 1/2-1/2

[Event "New Delhi Parsvnath op-A 18th"]
[Site "New Delhi"]
[Date "2020.01.10"]
[Round "3"]
[White "Dzhumaev, Marat"]
[Black "Debashis, Das"]
[Result "1/2-1/2"]
[WhiteElo "2422"]
[BlackElo "2523"]
[PlyCount "76"]
[EventDate "2020.01.09"]
[EventType "swiss"]
[EventRounds "10"]
[EventCountry "IND"]
[SourceTitle "CBM 194 Extra"]
[Source "ChessBase"]
[SourceDate "2020.03.31"]
[SourceVersion "1"]
[SourceVersionDate "2020.03.31"]
[SourceQuality "1"]

1. e4 c5 2. Nf3 d6 3. d4 cxd4 4. Nxd4 Nf6 5. Nc3 a6 6. Bc4 e6 7. 0-0 Be7 8. Bb3 0-0 9. f4 b5 10. e5 dxe5 11. fxe5 Nfd7 12. Qh5 g6 13. Qe2 Bc5 14. Be3 Qb6 15. Rad1 Nc6 16. Nxc6 Bxe3+ 17. Kh1 Bc5 18. Qf3 Bb7 19. Rxd7 Bxc6 20. Ne4 Bxe4 21. Qxe4 Ra7 22. Rd3 Rd8 23. Rh3 Rd4 24. Qe1 Qc6 25. Re3 Rad7 26. Re2 Be7 27. c3 Bh4 28. Qc1 Re4 29. Rxe4 Qxe4 30. Qf4 Qe2 31. Kg1 Bd8 32. h3 Bb6+ 33. Kh1 Bc7 34. Bxe6 Bxe5 35. Bg4 Qd3 36. Qf3 Qxf3 37. Bxf3 Rd2 38. Rb1 Kg7 1/2-1/2

[Event "Almaty op"]
[Site "Almaty"]
[Date "2019.10.14"]
[Round "9"]
[White "Smirnov, Pavel"]
[Black "Dzhumaev, Marat"]
[Result "1/2-1/2"]
[WhiteElo "2556"]
[BlackElo "2428"]
[PlyCount "90"]
[EventDate "2019.10.07"]
[EventType "swiss"]
[EventRounds "9"]
[EventCountry "KAZ"]
[SourceTitle "EXT 2020"]
[Source "ChessBase"]
[SourceDate "2019.10.17"]
[SourceVersion "1"]
[SourceVersionDate "2019.10.17"]
[SourceQuality "1"]

1. d4 f5 2. g3 Nf6 3. Bg2 g6 4. Nf3 Bg7 5. 0-0 a5 6. c4 0-0 7. Nc3 d6 8. b3 c6 9. Bb2 Na6 10. Re1 Ne4 11. Rc1 Bd7 12. Qd3 Nb4 13. Qb1 Qb6 14. a3 Na6 15. Qc2 Rae8 16. e3 Nf6 17. c5 Qd8 18. Na4 Ne4 19. Nd2 Nxd2 20. Qxd2 Be6 21. cxd6 exd6 22. d5 Bxb2 23. Nxb2 cxd5 24. Na4 b5 25. Nc3 b4 26. axb4 axb4 27. Ne2 Nc5 28. Bxd5 Qf6 29. Nf4 Bf7 30. Rcd1 g5 31. Bxf7+ Qxf7 32. Nd5 Rb8 33. Nxb4 Ne4 34. Qd4 g4 35. Nc6 Rxb3 36. Qd5 Rb2 37. Rf1 Kg7 38. Qxf7+ Rxf7 39. Nd4 Kg6 40. Ra1 Rc7 41. Ra8 Rc5 42. Rg8+ Kf7 43. Ra8 Kg6 44. Rg8+ Kf7 45. Ra8 Kg6 1/2-1/2

[Event "Almaty op"]
[Site "Almaty"]
[Date "2019.10.08"]
[Round "3"]
[White "Bekturov, Tamerlan"]
[Black "Dzhumaev, Marat"]
[Result "1/2-1/2"]
[WhiteElo "2226"]
[BlackElo "2428"]
[PlyCount "58"]
[EventDate "2019.10.07"]
[EventType "swiss"]
[EventRounds "9"]
[EventCountry "KAZ"]
[SourceTitle "EXT 2020"]
[Source "ChessBase"]
[SourceDate "2019.10.17"]
[SourceVersion "1"]
[SourceVersionDate "2019.10.17"]
[SourceQuality "1"]

1. d4 f5 2. c4 Nf6 3. Nc3 d6 4. Nf3 g6 5. e3 Bg7 6. b4 0-0 7. Bb2 c6 8. Qb3 Kh8 9. Be2 Na6 10. 0-0 Nc7 11. Rfd1 Qe8 12. d5 Bd7 13. Nd4 g5 14. a4 f4 15. exf4 gxf4 16. Bf3 Ng4 17. c5 Ne5 18. cxd6 exd6 19. Be4 Qh5 20. f3 Rf6 21. Nde2 Rh6 22. h3 Rf8 23. Bc1 Qh4 24. Ra2 Bxh3 25. gxh3 Qxh3 26. Kf2 Qh4+ 27. Kf1 Qh3+ 28. Kf2 Qh4+ 29. Kf1 Qh3+ 1/2-1/2

[Event "UZB-ch"]
[Site "Tashkent"]
[Date "2019.07.11"]
[Round "10"]
[White "Karimov, Ibragim"]
[Black "Dzhumaev, Marat"]
[Result "1/2-1/2"]
[WhiteElo "2211"]
[BlackElo "2439"]
[PlyCount "86"]
[EventDate "2019.07.02"]
[EventType "tourn"]
[EventRounds "13"]
[EventCountry "UZB"]
[EventCategory "6"]
[SourceTitle "CBM 191 Extra"]
[Source "ChessBase"]
[SourceDate "2019.09.30"]
[SourceVersion "1"]
[SourceVersionDate "2019.09.30"]
[SourceQuality "1"]

1. e4 e5 2. Nf3 Nc6 3. Nc3 Nf6 4. d4 exd4 5. Nxd4 Bb4 6. Nxc6 bxc6 7. Bd3 0-0 8. 0-0 d5 9. exd5 cxd5 10. h3 c6 11. Qf3 Rb8 12. Bf4 Bd6 13. b3 Qc7 14. Bxd6 Qxd6 15. Na4 Be6 16. Rfe1 h6 17. Qe3 Qc7 18. Nc5 Rbe8 19. Qd4 Bc8 20. b4 Nh5 21. Re3 Rxe3 22. Qxe3 Nf4 23. Re1 a5 24. a3 axb4 25. axb4 Qb8 26. c3 Be6 27. Bc2 Re8 28. Qe5 Qxe5 29. Rxe5 Kf8 30. h4 Bc8 31. Rxe8+ Kxe8 32. Kf1 Ke7 33. g3 Nh5 34. Ke2 Nf6 35. f3 Nh5 36. Kf2 Kd6 37. Bd3 g5 38. hxg5 hxg5 39. Nb3 Bd7 40. Nd4 Ng7 41. f4 gxf4 42. gxf4 Nh5 43. Ke3 Nf6 1/2-1/2

[Event "UZB-ch"]
[Site "Tashkent"]
[Date "2019.07.10"]
[Round "9"]
[White "Dzhumaev, Marat"]
[Black "Saydaliev, Saidakbar"]
[Result "1/2-1/2"]
[WhiteElo "2439"]
[BlackElo "2384"]
[PlyCount "173"]
[EventDate "2019.07.02"]
[EventType "tourn"]
[EventRounds "13"]
[EventCountry "UZB"]
[EventCategory "6"]
[SourceTitle "CBM 191 Extra"]
[Source "ChessBase"]
[SourceDate "2019.09.30"]
[SourceVersion "1"]
[SourceVersionDate "2019.09.30"]
[SourceQuality "1"]

1. d4 Nf6 2. c4 e6 3. g3 d5 4. Nf3 Be7 5. Bg2 0-0 6. 0-0 dxc4 7. Qc2 b6 8. Rd1 Bb7 9. Qxc4 c5 10. Nc3 cxd4 11. Bf4 Qc8 12. Qxd4 Rd8 13. Qa4 Rxd1+ 14. Rxd1 Nbd7 15. Bd6 Bxd6 16. Rxd6 Nc5 17. Qa3 Nce4 18. Nxe4 Bxe4 19. Ne5 Qc1+ 20. Bf1 Qc7 21. f3 Bd5 22. e4 Bxe4 23. fxe4 Nxe4 24. Nc4 Nxd6 25. Nxd6 Rd8 26. Ne4 Qe5 27. Nf2 g6 28. Bd3 h5 29. Kg2 a5 30. Qb3 Qd4 31. a4 Kg7 32. Bb5 Rd5 33. Qc3 e5 34. Kf3 Qxc3+ 35. bxc3 f5 36. h4 Kf6 37. Ke3 g5 38. hxg5+ Kxg5 39. Nd3 Kg4 40. Bc4 Rd6 41. Kf2 e4 42. Nf4 Rd2+ 43. Be2+ Kg5 44. Ke3 Ra2 45. Bb5 Kg4 46. Be8 Kxg3 47. Nxh5+ Kg4 48. Nf6+ Kg3 49. Nh5+ Kg4 50. Nf6+ Kg3 51. Nh5+ Kh4 52. Ng7 Kg4 53. Bd7 Ra3 54. Nxf5 Rxc3+ 55. Kxe4 Kg5 56. Ne3 Rc1 57. Nd5 Re1+ 58. Kd4 Rd1+ 59. Ke5 Re1+ 60. Kd6 Rd1 61. Bb5 Kf5 62. Kc6 Ke5 63. Nxb6 Rc1+ 64. Kb7 Kd6 65. Ka6 Kc7 66. Nd5+ Kb8 67. Kb6 Rh1 68. Kxa5 Ka7 69. Be2 Rc1 70. Kb4 Rb1+ 71. Kc5 Rc1+ 72. Bc4 Rg1 73. Ne7 Rg5+ 74. Kb4 Kb6 75. Nd5+ Ka7 76. Nc3 Kb6 77. Nb5 Rg1 78. a5+ Ka6 79. Nd4+ Ka7 80. Nc6+ Kb7 81. Nd4 Ka7 82. Bd3 Rd1 83. Kc3 Ra1 84. Nb3 Rg1 85. Kb4 Rg4+ 86. Bc4 Rg5 87. Nd4 1/2-1/2

[Event "UZB-ch"]
[Site "Tashkent"]
[Date "2019.07.04"]
[Round "3"]
[White "Vokhidov, Shamsiddin"]
[Black "Dzhumaev, Marat"]
[Result "0-1"]
[WhiteElo "2515"]
[BlackElo "2439"]
[PlyCount "124"]
[EventDate "2019.07.02"]
[EventType "tourn"]
[EventRounds "13"]
[EventCountry "UZB"]
[EventCategory "6"]
[SourceTitle "CBM 191 Extra"]
[Source "ChessBase"]
[SourceDate "2019.09.30"]
[SourceVersion "1"]
[SourceVersionDate "2019.09.30"]
[SourceQuality "1"]

1. e4 e5 2. Nf3 Nc6 3. Bc4 Nf6 4. d3 Be7 5. 0-0 0-0 6. Re1 a6 7. a4 d6 8. c3 h6 9. h3 Nh7 10. Be3 Bg5 11. Nxg5 Nxg5 12. Qh5 Qf6 13. Nd2 Kh7 14. h4 Ne6 15. g3 Qg6 16. Qxg6+ fxg6 17. b4 Bd7 18. Kg2 b6 19. Rf1 Rf6 20. f3 Rff8 21. f4 Rf6 22. Rf2 Raf8 23. Raf1 exf4 24. gxf4 Ne7 25. Bb3 Bc6 26. Kh2 d5 27. Bc2 Kg8 28. Kg3 Bb7 29. Nb3 Nc8 30. Kh2 R6f7 31. h5 gxh5 32. f5 Ng5 33. Nd4 c5 34. bxc5 bxc5 35. Nf3 Nxf3+ 36. Rxf3 c4 37. Rg3 Re8 38. Bd1 h4 39. Rgg1 dxe4 40. Bh5 exd3 41. Bxf7+ Kxf7 42. Bd4 Rg8 43. Rb1 Bf3 44. Rbf1 Be2 45. Rb1 Ne7 46. Rb7 d2 47. Bc5 Re8 48. Bd4 d1Q 49. Rxg7+ Kf8 50. Rh7 Qxd4 51. cxd4 Bd3 52. Rxh6 Kg7 53. Rxa6 Bxf5 54. d5 Bc8 55. Ra8 Bxb7 56. Rxe8 Nxd5 57. Re4 c3 58. Rxh4 Ba6 59. Kg3 c2 60. Rh1 Nc3 61. Re1 Kf6 62. Rh1 Nd1 0-1